00647nam a2200205 a 450000100100000000500170001000800410002702000150006804000250008308200180010810000210012624501170014726000350026430000210029949000300032050000280035065000140037865000170039283000320040900002524120200930023643.0110209s1998 mx a r 000 | spa d a9686733485 aDO-SdBNPbspacBNPHU a133.52bB663a1 aBobadilla, Mario10aAstrología védica :bel camino hindú hacia el éxito, la felicidad y la realización /cMario Bobadilla. aMéxico, D. F. :bYug,c1998. a227 p. ;c22 cm. aEsoterismo y Realidadv50 aBibliografía : p. 227 4aZodíaco 4aAstrología 0aEsoterismo y Realidad ;v50